000 00674nam 22002053 4500
001 202837
010 _a972-8128-92-4
021 _aPT
_b205428/04
090 _a202837
100 _a20260702d u||y0pory50 ba
200 _aGuia do museu Calouste Gulbenkian
_fcoordenação João Castel-Branco Pereira, Nuno Vassallo e Silva
210 _aLisboa
_cFundação Calouste Gulbenkian
_dcop. 2004
215 _a255 p.
_cil. ; brochado
_d24 cm
606 _98193
_aMuseus. Exposição permanente
675 _a069
_vPT
_zpor
701 _99814
_aPereira
_bJoão Castel-Branco
_f1947-
702 _917700
_aSilva
_bNuno Vassallo e
801 _aPT
_bBMMN
_gRPC
830 _cVanda
990 _cLIVROS